Die Rechtsgeschäfte des Effektenverkehrs und die oesterreichische Effektenumsatzsteuer

Salvato in:
Dettagli Bibliografici
Natura: Libro
Lingua:tedesco
Pubblicazione: Berlin C. Heymanns 1895
Tags: Aggiungi Tag
Nessun Tag, puoi essere il primo ad aggiungerne!!

MARC

LEADER 00000nam a2200000 4500
001 0307298
005 20250226083643.3
041 0 |a ger 
044 |a DE 
245 1 0 |a Die Rechtsgeschäfte des Effektenverkehrs und die oesterreichische Effektenumsatzsteuer  |c Viktor Korn 
264 1 |a Berlin  |b C. Heymanns  |c 1895